Οικονομική και πολιτική των λιμένων

Αποθηκεύτηκε σε:
Λεπτομέρειες βιβλιογραφικής εγγραφής
Κύριος συγγραφέας: Παρδάλη-Λαΐνου, Αγγελική Ι.
Μορφή: Βιβλίο
Γλώσσα:Greek
Δημοσίευση: Αθήνα : Interbooks, c1997.
Θέματα:
Ετικέτες: Προσθήκη ετικέτας
Δεν υπάρχουν, Καταχωρήστε ετικέτα πρώτοι!

MARC

LEADER 00000cam a2200000 i 4500
001 1/9921
008 000828s1997 gr | ||| |||| ||gre||
020 |a 9603900214 
035 |l 10063242 
040 |a GR-MY-UA  |b gre  |e aacr 
041 0 |a gre 
082 7 |a 387.15   |2 (22) 
100 1 |a Παρδάλη-Λαΐνου, Αγγελική Ι. 
245 1 0 |a Οικονομική και πολιτική των λιμένων /   |c Αγγελική Ι. Παρδάλη.  
260 |a Αθήνα :   |b Interbooks,   |c c1997.  
300 |a 460 σ. :   |b εικ. ;   |c 24 εκ.  
504 |a Περιέχει βιβλιογραφικές παραπομπές.  
650 0 0 |a Harbors. 
852 |a INST  |b CHIOS  |e 20010227  |h 387.15 ΠΑΡ  |p 005200016847  |q 005200016847  |t BK  |y 0 
852 |a INST  |b CHIOS  |e 20000828  |h 387.15 ΠΑΡ  |p 005200018605  |q 005200018605  |t BK  |y 0 
852 |a INST  |b CHIOS  |e 20010821  |h 387.15 ΠΑΡ  |p 005200021089  |q 005200021089  |t BK  |y 0 
852 |a INST  |b CHIOS  |e 20150625  |h 387.15 ΠΑΡ  |p 005200037529  |q 005200037529  |t BK  |y 0 
852 |a INST  |b CHIOS  |c EUDOXUS  |e 20130311  |h 387.15 ΠΑΡ  |p 005200035455  |q 005200035455  |t EDX  |y 0 
920 |a Εύδοξος  |y Χίος  |z 2013-03 
970 |z 2000/08